00485nam a2200205Ia 4500008004100000020001800041050001400059100002200073245002900095245002500124260001500149260001600164260000900180300001600189300002600205300001000231300002300241440000700264500000800271170918s9999 xx 000 0 und d a9780545341011 bS857 2010 aStilton, Geronimo 4aThe way of the samurai / cby Geronimo Stilton. aNew York : bScholastic, c2010 a106 pages : bcolor illustrations ; c19cm. eGeronimo Stilton ; a49 a660